| 000 | 00956nam a2200229 a 4500 | ||
|---|---|---|---|
| 001 | 86099 | ||
| 003 | BD-RjUL | ||
| 005 | 20260113112919.0 | ||
| 008 | 260113s2021 bg ||||| |||| 00| 0 ben d | ||
| 020 |
_a97898489210801 : _cTk. 400.00 |
||
| 035 | _a(BD-RjUL)86099 | ||
| 040 |
_aBD-RjUL _beng _cBD-RjUL |
||
| 041 | _aben | ||
| 082 |
_223 _a297.12541 _bHOI 2021 |
||
| 100 | _aহোসেন, মোহাম্মদ বেলাল | ||
| 245 |
_aইমাম বুখারী (রহ.) : _bজীবন ও হাদীস চর্চা / _cমোহাম্মদ বেলাল হোসেন |
||
| 260 |
_aঢাকা : _bবাংলাদেশ ইসলামিক সেন্টার, _c২০২১ |
||
| 300 |
_a৪১৬ পৃ.; _c২৪ সেমি. |
||
| 600 |
_aআল-বুখারী, মুহাম্মদ ইবনে ঈসমাইল _917590 |
||
| 600 |
_aAl-Bukhari, Muhammad ibn Ismail _917591 |
||
| 942 |
_2ddc _cBK |
||
| 999 |
_c86099 _d86099 |
||